Integrative Padagogik : eine einfuhrung

Αποθηκεύτηκε σε:
Λεπτομέρειες βιβλιογραφικής εγγραφής
Κύριος συγγραφέας: Heimlich, Ulrich
Μορφή: Βιβλίο
Γλώσσα:English
Δημοσίευση: Stuttgart : Kohlhammer, 2003
Σειρά:Grundriss der Padagogik / Erziehungswissenschaft ; ; 13
Θέματα:
Ετικέτες: Προσθήκη ετικέτας
Δεν υπάρχουν, Καταχωρήστε ετικέτα πρώτοι!

MARC

LEADER 00000nam a2200000 i 4500
001 1/85504
008 080519s2003 eng d
020 |a 3-17-016476-7 
035 |l 10097435 
040 |a GR-MY-UA  |b gre  |e aacr 
041 0 |a eng 
082 0 |a 372.0943  |2 (22) 
100 1 |a Heimlich, Ulrich. 
245 1 0 |a Integrative Padagogik :  |b eine einfuhrung /  |c Ulrich Heimlich 
260 |a Stuttgart :   |b Kohlhammer,   |c 2003 
300 |a 225 σ.;  |c 19 εκ. 
490 1 |a Grundriss der Padagogik, Erziehungswissenschaft  |v ; 13 
504 |a Περιλαμβάνει βιβλιογραφίες και ευρετήριο 
650 0 0 |a Education, Elementary  |z Germany. 
650 0 0 |a Education  |x Aims and objectives  |z Germany. 
830 0 |a Grundriss der Padagogik / Erziehungswissenschaft ;  |v ; 13 
852 |a INST  |b RHODES  |e 20080519  |h 372.0943 HEI  |p 005400029085  |q 005400029085  |t BK  |y 0 
901 |a BIBL4-2008-2 
909 |a Ρ  |b 151397 
922 |a 4ΕΛΗ  |b 200803  |c ΕΠΕΑΕΚ2/ΠΤΔΕ  |d ΠΑΠΑΣΩΤΗΡΙΟΥ 
970 |a ΜΙΣΣΟΣ  |b ΣΤΑΥΡΟΣ  |z 2008/05/19